Jurassic Park Trivia - Statistics

General Stats
  • This quiz has been taken 517 times
  • The average score is 9 of 15
Answer Stats
Hint Answer % Correct
The year of its release 1993
92%
The subtitle of the second Jurassic Park movie The Lost World
87%
Famed director of Jurassic Park Steven Spielberg
84%
The year Jurassic World was released 2015
83%
The name of the dinosaur in Jurassic Park III Spinosaurus
74%
Founder and creator of Jurassic Park John Hammond
73%
Name of the island in Jurassic Park III Isla Sorna
69%
Name of the character played by Chris Pratt Owen Grady
69%
"Hold on to your___" quote by Mr Arnold Butts
60%
____sphere Gyro
49%
Actor who played Dr Alan Grant Sam Neill
48%
The names of the two kids in Jurassic Park Lex and Tim
46%
Actress who played Claire Dearing Bryce Dallas Howard
41%
The names of the four raptors Blue, Charlie, Echo, Delta
34%
The name of the dinosaur created in Jurassic World Indominous Rex
20%
No matching quizzes found
Score Distribution
Percent of People with Each Score
Percentile by Number Answered
Your Score History
You have not taken this quiz